000 00633nam a2200205Ia 4500
005 20250507130259.0
008 008 250505s9999 xx 000 0 eng d
037 _aSeries Article
040 _aEASL
_beng
_cEASL
041 _aeng
_2eng
084 _qEASL
100 _aCheng Edmund W
_9670577
245 0 _aResistance, engagement, and heritage conservation by voluntary sector:The case of penang in malaysia
260 _aUK
_bCambridge Cambridge University Press UK
_c2014
300 _a617-645
650 _aAsian Studies
700 _aAnthony Fl. Etc
_9670578
942 _cSRA
999 _c1318749
_d1318749